| 000 | 00530nam a2200193 a 4500 | ||
|---|---|---|---|
| 001 | 2607 | ||
| 003 | CDMR | ||
| 005 | 20131031114900.0 | ||
| 008 | 130130s1981||||||||||||||||||||||||||||d | ||
| 020 | _a843391233X | ||
| 040 |
_aCDMR _bcat _cCDMR |
||
| 100 | 1 |
_aWolfe, Tom _9786 |
|
| 245 | 1 | 3 |
_aLo que hay que tener _cTom Wolfe ; traducción de J.M. Álvarez-Flórez y Ángela Pérez |
| 260 |
_aBarcelona _c1981 _bAnagrama |
||
| 300 | _a355 p. | ||
| 490 | 0 |
_aContraseñas _v33 |
|
| 650 | 0 | 4 |
_9797 _aReportatges literaris |
| 942 |
_cMON _2udc |
||
| 999 |
_c2607 _d2607 |
||